000 00538nam a2200181Ia 4500
003 OSt
005 20200514113007.0
008 190216s9999||||xx |||||||||||||| ||und||
020 _a8174352236
040 _coclc
082 _a297.63
_bFID/C
100 _aFidai, Rafi Ahmed
_92131
245 4 _aThe Companions Of The Holy Prophet /
_cRafi Ahmad Fidai
260 _bAdam Publishers&Distributors,
_c2001.
_aDelhi:
300 _a444p
650 _aIslamic History
942 _cBK
_2ddc
_h297.63
_iFID/C
_k297.63
_mFID/C
999 _c22570
_d22570